| Поле | Инд. | ПП | Название | Значение |
|---|---|---|---|---|
| Тип записи | a | |||
| Библиографический уровень | m | |||
| 001 | Контрольный номер | RU/IS/BASE/394821079 | ||
| 005 | Дата корректировки | 20140703145028.7 | ||
| 008 | Кодируемые данные | 060821 | ||
| 020 | a | ISBN | 5-7755-0960-9 (ч. 2) | |
| a | ISBN | 5-7755-0961-7 | ||
| c | Цена, тираж | 99.00 | ||
| 040 | a | Служба первич. каталог. | НБ ТвГУ | |
| 041 | a | Код языка текста | rus | |
| 080 | a | Индекс УДК | 811.161.1(075.2) | |
| 084 | a | Индекс другой классификации/Индекс ББК | Ш141.12-920 | |
| 090 | a | Полочн. индекс | Ш141.12 | |
| x | Авторский знак | Р41 | ||
| 100 | 1_ | a | Автор | Репкин Владимир Владимирович |
| 245 | 10 | a | Заглавие | Букварь |
| b | Продолж. заглавия | учеб. для 1 кл. нач. шк. : (система Д. Б. Эльконина - В. В. Давыдова) : в 2 ч. | ||
| c | Ответственность | В. В. Репкин, Е. В. Восторгова, В. А. Левин | ||
| n | Номер части/ раздела | Ч. 2 | ||
| 250 | a | Основные сведения об издании | 8-е изд. | |
| 260 | 0_ | a | Место издания | Москва |
| b | Издательство | Вита-Пресс | ||
| c | Дата издания | 2006 | ||
| 300 | a | Объем | 110, [1] с. | |
| b | Иллюстрации/ тип воспроизводства | цв. ил. | ||
| 583 | a | Действие | Получение впервые 292 07.08.2006 | |
| k | Исполнитель действия | ООО "Кроун" | ||
| 650 | a | Основная рубрика | Русский язык | |
| x | Основная подрубрика | Буквари | ||
| x | Основная подрубрика | Учебники для начальной школы | ||
| 650 | a | Основная рубрика | Эльконина - Давыдова система | |
| 653 | a | Ключевые слова | Буквари | |
| a | Ключевые слова | Русский язык | ||
| a | Ключевые слова | Система Эльконина - Давыдова | ||
| 700 | 1_ | a | Другие авторы | Восторгова Елена Вадимовна |
| e | Роль лиц | авт. | ||
| 700 | 1_ | a | Другие авторы | Левин Вадим Александрович |
| e | Роль лиц | авт. | ||
| 852 | t | Порядковый номер экземпляра | 10 | |
| p | Инвентарный номер | 848036 | ||
| p | Инвентарный номер | 848037 | ||
| p | Инвентарный номер | 848038 | ||
| p | Инвентарный номер | 848039 | ||
| p | Инвентарный номер | 848040 | ||
| p | Инвентарный номер | 848041 | ||
| p | Инвентарный номер | 848042 | ||
| p | Инвентарный номер | 848043 | ||
| p | Инвентарный номер | 848044 | ||
| p | Инвентарный номер | 848045 | ||
| 888 | a | За счет средств университета | ||
| 930 | a | Новая/Ретро | учебники | |
| a | Новая/Ретро | буквари | ||
| 952 | p | 292.2006 99.00 1 848036 | ||
| p | 292.2006 99.00 1 848037 | |||
| p | 292.2006 99.00 1 848038 | |||
| p | 292.2006 99.00 1 848039 | |||
| p | 292.2006 99.00 1 848040 | |||
| p | 292.2006 99.00 1 848041 | |||
| p | 292.2006 99.00 1 848042 | |||
| p | 292.2006 99.00 1 848043 | |||
| p | 292.2006 99.00 1 848044 | |||
| p | 292.2006 99.00 1 848045 | |||
| c | Вид литературы | К ру | ||
| 954 | a | Дата поступления на обработку | 20060823 | |
| 999 | a | Подразделение 2 | Фил2 |